The ABC of copyright / (Record no. 135897)

MARC details
000 -LEADER
fixed length control field 00597nam a22002297a 4500
005 - DATE AND TIME OF LATEST TRANSACTION
control field 20170124110251.0
010 ## - LIBRARY OF CONGRESS CONTROL NUMBER
LC control number A-118235
020 ## - INTERNATIONAL STANDARD BOOK NUMBER
Terms of availability 00.00
International Standard Book Number 9231018892
035 ## - SYSTEM CONTROL NUMBER
System control number A-118235
037 ## - SOURCE OF ACQUISITION
Source of stock number/acquisition Cen Lib/Ret
040 ## - CATALOGING SOURCE
Original cataloging agency DPL
Language of cataloging EN
082 ## - DEWEY DECIMAL CLASSIFICATION NUMBER
Classification number 655.6
Item number UNE
110 ## - MAIN ENTRY--CORPORATE NAME
Corporate name or jurisdiction name as entry element UNESCO
9 (RLIN) 99108
245 ## - TITLE STATEMENT
Title The ABC of copyright /
246 ## - VARYING FORM OF TITLE
Remainder of title
260 ## - PUBLICATION, DISTRIBUTION, ETC. (IMPRINT)
Place of publication, distribution, etc Paris
Name of publisher, distributor, etc Unesco
Date of publication, distribution, etc 1981
270 ## - ADDRESS
City Paris
Address 7 place de Fontenoy
Postal code 75700
300 ## - PHYSICAL DESCRIPTION
Extent 73p.
Dimensions 22cm(Hb)
650 ## - SUBJECT ADDED ENTRY--TOPICAL TERM
Topical term or geographic name as entry element Copyright, International.
9 (RLIN) 99109
650 ## - SUBJECT ADDED ENTRY--TOPICAL TERM
Topical term or geographic name as entry element Copyright
9 (RLIN) 15237
942 ## - ADDED ENTRY ELEMENTS (KOHA)
Source of classification or shelving scheme Dewey Decimal Classification
Koha item type English Books
Classification part 655.6
Call number suffix UNE
Holdings
Withdrawn status Lost status Damaged status Not for loan Collection code Home library Current library Date acquired Source of acquisition Cost, normal purchase price Total Checkouts Full call number Barcode Date last seen Copy number Cost, replacement price Price effective from Koha item type
      Not For Loan Reference Central Library Central Library 09/10/2015 Cen Lib/Ret 0.00   655.6 UNE A-118235 09/10/2015 1 0.00 09/10/2015 English Books

© Delhi Public Library
Hit Counter
free hit counter